Statistiques concernant Musiques de Knife Party

Cliquez ici pour prendre le quiz!

Statistiques générales

  • Ce quiz a été pris 9 fois
  • Le résultat moyen est 25 sur 40

Statistiques - réponses

Answer % Correct
Centipede
100%
Internet Friends (VIP)
100%
Red Dawn
100%
Internet Friends
100%
Destroy Them With Lazers
100%
Begin Again
67%
Antidote (Swedish House Mafia vs. Knife Party)
67%
Battle Sirens (Brillz Remix)
67%
Boss Mode
67%
404
67%
Give It Up
67%
Kaleidoscope
67%
Begin Again
67%
Battle Sirens (Ephwurd Remix)
67%
Boss Mode
67%
Reconnect
67%
Battle Sirens (Live Version)
67%
Sleaze (ft. MistaJam)
67%
Power Glove
67%
Bonfire
67%
Rage Valley
67%
Tourniquet
67%
Fire Hive
67%
Battle Sirens
67%
LRAD
67%
Parliament Funk
67%
Kraken (ft. Tom Staar)
67%
PLUR Police (Jauz Remix)
67%
EDM Death Machine
67%
PLUR Police
67%
Micropenls
33%
Superstar
33%
Last Time (Labrinth)
33%
Crush On You (Nero)
33%
D.I.M.H.
33%
Save the World (Swedish House Mafia)
33%
EDM Trend Machine
33%
Unison (Porter Robinson)
33%
Resistance
33%
Resistance
33%

Distribution des résultats

Percentile by Number Answered

% des personnes avec chaque résultat

Votre développement - résultats

Vous n’avez pas pris ce quiz